• 首页
  • 本馆介绍
  • 公告通知
  • 最新文献
  • 馆藏检索
  • 电子资源
  • 读者导购
  • 参考咨询
  • 我的图书馆
  • 登录
  • 详细信息显示
  • 放入我的书架
  • 预约/预借图书
  • 作者相关作品
  • 分类相关作品
  • 丛书相关作品
  • 出版社相关作品

书目信息

  • 表格格式
  • 工作单格式
  • 卡片格式
题名:
旅游法教程
    
 
作者: 韩玉灵 , 郑晶 主编
分册:  
出版信息: 北京   科学出版社  2011
页数: 235页
开本: 26cm
丛书名:
单 册:
中图分类: D922.296.1 , D922.294.1
科图分类:
主题词: 旅游业--法规--中国--高等教育--教材
电子资源:
ISBN: 978-7-03-030691-3
000 01065nam0 2200265 45
001 1356827609
005 20130515092626.18
010    @a978-7-03-030691-3@dCNY26.00
100    @a20130108d2011 em y0chiy50 ea
101 0  @achi
102    @aCN@b110000
105    @ay z 000yy
106    @ar
200 1  @a旅游法教程@ALu^ You Fa Jiao Cheng@f韩玉灵,郑晶主编@FHan Yu Ling, Zheng Jing Zhu Bian
210    @a北京@c科学出版社@d2011
215    @a235页@d26cm
300    @a普通高等教育“十一五”国家级规划教材 餐旅管理与服务类专业教材系列
330    @a本书共分为十二章,包括旅游法的基础理论、旅游消费者保护、旅游合同制度和旅游运输合同制度及有关旅游业的安全制度、旅游保险制度、旅行社制度、导游人员管理制度和饭店管理制度等,涉及旅游公共管理的出入境管理制度和旅游资源保护制度以及解决旅游纠纷的法律制度。
606 0  @a旅游业@x法规@y中国@x高等教育@j教材
690    @aD922.296.1@v5
690    @aD922.294.1@v5
701  0 @a韩玉灵@AHan Yu Ling@4主编
701  0 @a郑晶@AZheng Jing@4主编
801    @aCN@bTANGWEI@c20130108
905    @b0830126-30@dD922.296.1@e999@f5
    
    旅游法教程/韩玉灵,郑晶主编.-北京:科学出版社,2011
    235页;26cm
    普通高等教育“十一五”国家级规划教材 餐旅管理与服务类专业教材系列
    
    ISBN 978-7-03-030691-3:CNY26.00
    本书共分为十二章,包括旅游法的基础理论、旅游消费者保护、旅游合同制度和旅游运输合同制度及有关旅游业的安全制度、旅游保险制度、旅行社制度、导游人员管理制度和饭店管理制度等,涉及旅游公共管理的出入境管理制度和旅游资源保护制度以及解决旅游纠纷的法律制度。
●
相关链接 在E读中查询图书 在五车中查询图书 在当当中查询图书 在豆瓣中查询图书


正题名:旅游法教程     索取号:D922.296.1/999         预约/预借

序号 登录号 条形码 馆藏地/架位号 状态 备注
1 0830126   208301265   第一样本阅览室/ [索取号:D922.296.1/999] 在馆    
2 0830127   208301274   第一借阅区/ [索取号:D922.296.1/999] 在馆    
3 0830128   208301283   第一借阅区/ [索取号:D922.296.1/999] 在馆    
4 0830129   208301292   第一借阅区/ [索取号:D922.296.1/999] 在馆    
5 0830130   208301309   第一借阅区/ [索取号:D922.296.1/999] 在馆    
唐山师范学院图书馆 欢迎您!
大连网信软件有限公司© 版权所有